000 00378nam a2200133Ia 4500
005 20260326235450.0
008 260326s9999||||xx |||||||||||||| ||und||
100 _aGasparini, Graziano
245 0 _aVenezuela :
_b Monumentos Históricos y Arqueológicos /
_cGraziano Gasparini
260 _bInstituto Panamericano de Geografía
300 _a93 p.
650 _aARTE
942 _cBK
999 _c7729
_d7729